000 00517nam a22001817a 4500
005 20251128120126.0
008 251125b |||||||| |||| 00| 0 eng d
020 _a978-93-91208-85-1
041 _aeng
082 _a616.03 AGA-T
100 _aAGARWAL, DR. ANUJA AND SHAH, DR, POOJA
_98827
245 _aTEXT BOOK OF PROCEDURES IN EMERGENCY CARE
250 _aRE, PRINT ED. 2025
260 _aNEW DELHI
_bINNOVATIVE PUBLICATIONS PVT, LTD
_c2025
300 _a275;P
650 _aPHARMACY
_xB.PHARMA
942 _cBK
999 _c9010
_d9008